000 00415cam a22001217a 4500
008 180718b1987 xxu||||| |||| 00| 0 eng d
082 _aA81x54 In2/81/1/Pap 2/1986
100 _aCensus of India 1981
245 _aIndia: comparative primary census abstract, 1971 & 1981
260 _aDelhi
_bThe Controller of Publications
_c1987
300 _a595+p.
440 _aCensus of India 1981. Series-1, India. Paper 2 of 1986
999 _c481890
_d481890